Biophysics in Nursing (Record no. 164)

MARC details
000 -LEADER
Fixed length control field 00498nam a2200193Ia 4500
003 - CONTROL NUMBER IDENTIFIER
Control field IIN
005 - DATE AND TIME OF LATEST TRANSACTION
Control field 20240102123643.0
008 - FIXED-LENGTH DATA ELEMENTS--GENERAL INFORMATION
Fixed length control field 231217s9999 xx 000 0 und d
020 ## - INTERNATIONAL STANDARD BOOK NUMBER / ISBN
Price Rs.495.00
International Standard Book Number 9789350251225
040 ## - CATALOGING SOURCE
Original cataloging agency IIN
Language of cataloging English
082 ## - DEWEY DECIMAL CLASSIFICATION NUMBER
Classification number 612.014
Book Number SHA
100 1# - MAIN ENTRY--PERSONAL NAME
Personal name Sharma, Suresh K.
245 ## - TITLE STATEMENT
Title Biophysics in Nursing
Statement of responsibility Suresh K. Sharma
260 ## - IMPRINT
Name of publisher Jaypee
Place of publication New Delhi
Date of publication 2011
300 ## - PHYSICAL DESCRIPTION
Page / Vol. No xv, 218 p.
650 ## - SUBJECT ADDED ENTRY--TOPICAL TERM
Topical term Biochemistry
650 ## - SUBJECT ADDED ENTRY--TOPICAL TERM
Topical term Biophysics
Form subdivision in nursing
942 ## - ADDED ENTRY ELEMENTS (KOHA)
Koha item type Books
Holdings
Withdrawn status Lost status Source of classification Damaged status Not for loan Collection code Home library Current library Date acquired Price Total Checkouts Call number Accession number Date last seen Price effective from Koha item type
    Dewey Decimal Classification       IDEAL INSTITUTE OF NURSING IDEAL INSTITUTE OF NURSING 17/12/2023 495.00   612.014 SHA 159 17/12/2023 17/12/2023 Books
    Dewey Decimal Classification       IDEAL INSTITUTE OF NURSING IDEAL INSTITUTE OF NURSING 17/12/2023 495.00   612.014 SHA 160 17/12/2023 17/12/2023 Books
© Ideal Institute Of Nursing, All rights reserved.         Powered by Koha